[Event "Russian Team Championships 2014 (women)"]
[Site "Sochi (Loo)"]
[Date "2014.04.07"]
[Round "1.1"]
[White "Bodnaruk, Anastasia"]
[Black "Cmilyte, Viktorija"]
[Result "0-1"]
[LiveChessVersion "1.4.2"]
[BlackElo "2511"]
[WhiteElo "2453"]
[BlackTeam "Ugra"]
[WhiteTeam "Club Chigorin"]

1. e4 {[%clk 1:30:58]} c5 {[%clk 1:30:51]} 2. Nf3 {[%clk 1:31:20]} d6
{[%clk 1:31:14]} 3. d4 {[%clk 1:31:40]} Nf6 {[%clk 1:31:36]} 4. Nc3
{[%clk 1:32:04]} cxd4 {[%clk 1:32:01]} 5. Nxd4 {[%clk 1:32:29]} g6
{[%clk 1:32:20]} 6. Be3 {[%clk 1:32:00]} Bg7 {[%clk 1:32:43]} 7. f3
{[%clk 1:32:00]} O-O {[%clk 1:33:06]} 8. Bc4 {[%clk 1:31:08]} Nc6
{[%clk 1:33:06]} 9. Qd2 {[%clk 1:30:50]} Bd7 {[%clk 1:33:16]} 10. h4
{[%clk 1:30:24]} h5 {[%clk 1:33:12]} 11. O-O-O {[%clk 1:30:17]} Rc8
{[%clk 1:33:01]} 12. Bb3 {[%clk 1:30:28]} Ne5 {[%clk 1:33:22]} 13. Bg5
{[%clk 1:29:37]} Rc5 {[%clk 1:33:02]} 14. Kb1 {[%clk 1:27:09]} Re8
{[%clk 1:31:47]} 15. g4 {[%clk 1:15:02]} hxg4 {[%clk 1:31:36]} 16. f4
{[%clk 1:14:54]} Nc4 {[%clk 1:30:47]} 17. Qd3 {[%clk 1:03:37]} Qc8
{[%clk 1:29:57]} 18. Bxf6 {[%clk 0:54:52]} exf6 {[%clk 1:09:12]} 19. Bxc4
{[%clk 0:41:59]} Rxc4 {[%clk 1:09:31]} 20. f5 {[%clk 0:42:13]} Re5
{[%clk 0:55:58]} 21. Rhf1 {[%clk 0:32:09]} gxf5 {[%clk 0:40:48]} 22. Nxf5
{[%clk 0:23:11]} Bxf5 {[%clk 0:38:25]} 23. exf5 {[%clk 0:22:40]} Qc5
{[%clk 0:30:36]} 24. Nd5 {[%clk 0:17:38]} Ree4 {[%clk 0:28:42]} 25. c3
{[%clk 0:17:18]} Re5 {[%clk 0:24:10]} 26. h5 {[%clk 0:14:34]} Rce4
{[%clk 0:23:51]} 27. Rh1 {[%clk 0:08:12]} Kh7 {[%clk 0:17:52]} 28. h6
{[%clk 0:07:42]} Bh8 {[%clk 0:18:16]} 29. Rhg1 {[%clk 0:04:19]} Qf2
{[%clk 0:17:27]} 30. Rgf1 {[%clk 0:03:42]} Qe2 {[%clk 0:13:07]} 31. Qxe2
{[%clk 0:02:43]} Rxe2 {[%clk 0:13:35]} 32. Nf4 {[%clk 0:02:53]} Rh2
{[%clk 0:13:19]} 33. Rg1 {[%clk 0:02:08]} Rxf5 {[%clk 0:06:49]} 34. Rxg4
{[%clk 0:02:16]} Rg5 {[%clk 0:06:23]} 35. Rgg1 {[%clk 0:02:10]} Rxg1
{[%clk 0:03:46]} 36. Rxg1 {[%clk 0:02:40]} f5 {[%clk 0:03:08]} 37. Rg5
{[%clk 0:02:02]} Rxh6 {[%clk 0:02:22]} 38. Rxf5 {[%clk 0:02:06]} Rf6
{[%clk 0:02:29]} 39. Rh5+ {[%clk 0:01:55]} Kg8 {[%clk 0:02:47]} 40. Rg5+
{[%clk 0:31:32]} Kf8 {[%clk 0:32:48]} 41. Rg4 {[%clk 0:27:18]} Bg7
{[%clk 0:30:05]} 42. Kc2 {[%clk 0:23:35]} Bh6 {[%clk 0:29:37]} 43. Nd3
{[%clk 0:21:57]} Re6 {[%clk 0:27:37]} 44. Ra4 {[%clk 0:17:20]} Re2+
{[%clk 0:26:38]} 45. Kb3 {[%clk 0:17:47]} Rd2 {[%clk 0:26:36]} 46. Ne1
{[%clk 0:17:03]} Be3 {[%clk 0:21:47]} 47. Re4 {[%clk 0:13:59]} Bc5
{[%clk 0:20:51]} 48. a4 {[%clk 0:12:54]} f5 {[%clk 0:19:38]} 49. Rf4
{[%clk 0:11:50]} Rf2 {[%clk 0:18:57]} 50. Rxf2 {[%clk 0:08:24]} Bxf2
{[%clk 0:19:24]} 51. Nd3 {[%clk 0:08:52]} Be3 {[%clk 0:18:49]} 52. Kc4
{[%clk 0:09:12]} Ke7 {[%clk 0:18:29]} 53. Kd5 {[%clk 0:09:36]} Bd2
{[%clk 0:16:42]} 54. Nf2 {[%clk 0:04:09]} Bf4 {[%clk 0:09:33]} 55. Nd3
{[%clk 0:03:43]} Bd2 {[%clk 0:09:26]} 56. Nf2 {[%clk 0:04:06]} Be1
{[%clk 0:08:25]} 57. Nd3 {[%clk 0:04:26]} Bg3 {[%clk 0:08:50]} 58. b4
{[%clk 0:03:25]} Kf6 {[%clk 0:08:45]} 59. c4 {[%clk 0:02:53]} Kg5
{[%clk 0:08:37]} 60. a5 {[%clk 0:00:45]} Kg4 {[%clk 0:07:53]} 61. Ke6
{[%clk 0:00:45]} Kf3 {[%clk 0:06:35]} 62. Kxf5 {[%clk 0:00:51]} Ke3
{[%clk 0:07:01]} 63. Nb2 {[%clk 0:00:38]} Kd4 {[%clk 0:07:27]} 64. c5
{[%clk 0:00:36]} dxc5 {[%clk 0:06:48]} 65. bxc5 {[%clk 0:01:05]} Kxc5
{[%clk 0:05:40]} 66. Ke4 {[%clk 0:01:30]} Kb5 {[%clk 0:05:39]} 67. Kd3
{[%clk 0:01:46]} Kxa5 {[%clk 0:05:59]} 68. Kc4 {[%clk 0:02:10]} Be5
{[%clk 0:05:28]} 69. Nd3 {[%clk 0:02:34]} Bg7 {[%clk 0:05:40]} 70. Nc5
{[%clk 0:01:25]} Kb6 {[%clk 0:05:24]} 71. Nb3 {[%clk 0:01:37]} a5
{[%clk 0:04:29]} 72. Nc5 {[%clk 0:01:57]} Kc6 {[%clk 0:04:40]} 73. Nd3
{[%clk 0:00:53]} b5+ 74. Kb3 Bf8 {[%clk 0:04:17]} 75. Nb2 {[%clk 0:01:16]} Kd5
{[%clk 0:03:59]} 76. Nd1 {[%clk 0:01:25]} a4+ {[%clk 0:03:41]} 77. Kc3
{[%clk 0:01:40]} Kc5 {[%clk 0:04:03]} 78. Nf2 {[%clk 0:01:47]} Bg7+
{[%clk 0:04:22]} 79. Kc2 {[%clk 0:02:13]} Kb4 {[%clk 0:03:58]} 80. Ne4
{[%clk 0:02:24]} Ka3 {[%clk 0:03:31]} 81. Kb1 {[%clk 0:02:27]} b4
{[%clk 0:03:22]} 82. Nc5 {[%clk 0:02:44]} b3 {[%clk 0:02:06]} 83. Nd3
{[%clk 0:03:12]} Bd4 {[%clk 0:02:23]} 84. Ne1 {[%clk 0:03:22]} Kb4
{[%clk 0:02:40]} 85. Nd3+ {[%clk 0:03:44]} Kc4 {[%clk 0:03:00]} 86. Nc1
{[%clk 0:03:55]} a3 {[%clk 0:03:22]} 0-1

[Event "Russian Team Championships 2014 (women)"]
[Site "Sochi (Loo)"]
[Date "2014.04.07"]
[Round "1.2"]
[White "Pogonina, Natalija"]
[Black "Mammadova, Gulnar"]
[Result "1/2-1/2"]
[LiveChessVersion "1.4.2"]
[BlackElo "2323"]
[WhiteElo "2499"]
[BlackTeam "Club Chigorin"]
[WhiteTeam "Ugra"]

1. e4 {[%clk 1:30:56]} d6 {[%clk 1:30:49]} 2. d4 {[%clk 1:31:20]} Nf6
{[%clk 1:31:12]} 3. Nc3 {[%clk 1:31:40]} g6 {[%clk 1:31:31]} 4. Be3
{[%clk 1:31:20]} a6 {[%clk 1:31:45]} 5. Nf3 {[%clk 1:28:27]} Bg7 {[%clk 1:31:56]}
6. Qd2 {[%clk 1:26:42]} b5 {[%clk 1:32:05]} 7. Bd3 {[%clk 1:23:31]} Bb7
{[%clk 1:30:02]} 8. Bh6 {[%clk 1:15:31]} Bxh6 {[%clk 1:06:42]} 9. Qxh6
{[%clk 1:15:52]} b4 {[%clk 1:04:54]} 10. Ne2 {[%clk 1:09:02]} Bxe4
{[%clk 1:00:53]} 11. Bxe4 {[%clk 1:04:37]} Nxe4 {[%clk 1:01:16]} 12. Qg7
{[%clk 1:04:50]} Rf8 {[%clk 1:01:26]} 13. Qxh7 {[%clk 1:04:10]} Nd7
{[%clk 0:57:10]} 14. Qh4 {[%clk 0:53:02]} Ndf6 {[%clk 0:55:51]} 15. Ng5
{[%clk 0:49:41]} Nxg5 {[%clk 0:54:01]} 16. Qxg5 {[%clk 0:50:06]} Qd7
{[%clk 0:53:46]} 17. O-O {[%clk 0:47:19]} Rb8 {[%clk 0:48:02]} 18. a3
{[%clk 0:33:59]} Qc6 {[%clk 0:42:16]} 19. Qd2 {[%clk 0:29:50]} a5
{[%clk 0:40:55]} 20. axb4 {[%clk 0:28:03]} axb4 {[%clk 0:41:15]} 21. Ra5
{[%clk 0:25:03]} Nd5 {[%clk 0:35:08]} 22. Rc1 {[%clk 0:19:43]} Kd7
{[%clk 0:32:07]} 23. Nf4 {[%clk 0:13:46]} Nxf4 {[%clk 0:30:38]} 24. Qxf4
{[%clk 0:14:12]} Rb5 {[%clk 0:30:45]} 25. Ra7 {[%clk 0:13:15]} g5
{[%clk 0:24:29]} 26. Qd2 {[%clk 0:09:42]} Ra8 {[%clk 0:23:15]} 27. Rxa8
{[%clk 0:08:50]} Qxa8 {[%clk 0:23:40]} 28. c4 {[%clk 0:08:39]} bxc3
{[%clk 0:23:39]} 29. bxc3 {[%clk 0:09:03]} Qa5 {[%clk 0:20:07]} 30. h3
{[%clk 0:08:44]} e6 {[%clk 0:15:37]} 31. Qe2 {[%clk 0:06:50]} Rb3
{[%clk 0:14:17]} 32. c4 {[%clk 0:05:23]} Rc3 {[%clk 0:13:26]} 33. Rd1
{[%clk 0:04:08]} Qf5 {[%clk 0:12:05]} 34. c5 {[%clk 0:02:54]} Ke7
{[%clk 0:09:06]} 35. cxd6+ {[%clk 0:02:04]} Kxd6 {[%clk 0:05:45]} 36. Qa6+
{[%clk 0:01:15]} Ke7 {[%clk 0:05:58]} 37. Qb7 {[%clk 0:00:47]} Rc2
{[%clk 0:06:00]} 38. Rf1 {[%clk 0:00:48]} Kf6 {[%clk 0:05:33]} 39. Qb3
{[%clk 0:00:48]} Qe4 {[%clk 0:03:23]} 40. Qe3 {[%clk 0:30:44]} Qd5
{[%clk 0:31:15]} 41. h4 {[%clk 0:19:39]} Rc4 {[%clk 0:29:14]} 42. Rd1
{[%clk 0:17:32]} c5 {[%clk 0:26:21]} 43. Qxg5+ {[%clk 0:12:02]} Qxg5
{[%clk 0:26:43]} 1/2-1/2

[Event "Russian Team Championships 2014 (women)"]
[Site "Sochi (Loo)"]
[Date "2014.04.07"]
[Round "1.3"]
[White "Schepetkova, Margarita"]
[Black "Kovanova, Baira"]
[Result "1-0"]
[LiveChessVersion "1.4.2"]
[BlackElo "2404"]
[WhiteElo "2301"]
[BlackTeam "Ugra"]
[WhiteTeam "Club Chigorin"]

1. d4 {[%clk 1:30:58]} Nf6 {[%clk 1:30:55]} 2. c4 {[%clk 1:31:24]} e6
{[%clk 1:31:22]} 3. Nc3 {[%clk 1:31:49]} Bb4 {[%clk 1:31:47]} 4. e3
{[%clk 1:32:12]} O-O {[%clk 1:31:45]} 5. Nge2 {[%clk 1:32:33]} d5
{[%clk 1:31:53]} 6. a3 {[%clk 1:32:51]} Bd6 {[%clk 1:31:33]} 7. Ng3
{[%clk 1:32:59]} Re8 {[%clk 1:28:19]} 8. Bd3 {[%clk 1:16:45]} a6 {[%clk 1:22:29]}
9. O-O {[%clk 0:59:13]} Bf8 {[%clk 1:17:41]} 10. b4 {[%clk 0:53:09]} c6
{[%clk 1:11:38]} 11. Bd2 {[%clk 0:46:28]} Nbd7 {[%clk 1:03:44]} 12. Qc2
{[%clk 0:36:27]} e5 {[%clk 0:58:23]} 13. cxd5 {[%clk 0:34:21]} cxd5
{[%clk 0:55:16]} 14. Qb3 {[%clk 0:32:18]} e4 {[%clk 0:52:33]} 15. Be2
{[%clk 0:32:41]} Nb6 {[%clk 0:49:01]} 16. Rfc1 {[%clk 0:25:56]} Bg4
{[%clk 0:44:27]} 17. Bf1 {[%clk 0:25:34]} h5 {[%clk 0:43:48]} 18. Na4
{[%clk 0:22:34]} Nc4 {[%clk 0:35:32]} 19. Be1 {[%clk 0:22:10]} h4
{[%clk 0:29:18]} 20. Ne2 {[%clk 0:22:36]} Bd6 {[%clk 0:29:36]} 21. Nec3
{[%clk 0:21:57]} b5 {[%clk 0:24:42]} 22. Nc5 {[%clk 0:22:21]} Qc7
{[%clk 0:20:09]} 23. h3 {[%clk 0:22:10]} Bf5 {[%clk 0:20:34]} 24. a4
{[%clk 0:22:31]} Qb6 {[%clk 0:20:09]} 25. axb5 {[%clk 0:19:08]} axb5
{[%clk 0:20:20]} 26. Bxc4 {[%clk 0:17:37]} dxc4 {[%clk 0:12:28]} 27. Qc2
{[%clk 0:17:28]} Qc6 {[%clk 0:10:31]} 28. f4 {[%clk 0:15:24]} Bxc5
{[%clk 0:06:24]} 29. dxc5 {[%clk 0:15:08]} Rad8 {[%clk 0:04:45]} 30. Ra5
{[%clk 0:12:28]} Nd5 {[%clk 0:04:40]} 31. Nxb5 {[%clk 0:08:51]} Nxe3
{[%clk 0:04:16]} 32. Qf2 {[%clk 0:09:14]} Nd5 {[%clk 0:02:34]} 33. Nd6
{[%clk 0:08:32]} e3 {[%clk 0:02:19]} 34. Qxh4 {[%clk 0:07:45]} Rxd6
{[%clk 0:01:46]} 35. cxd6 {[%clk 0:08:11]} Be4 {[%clk 0:01:24]} 36. Rc5
{[%clk 0:06:33]} Qxd6 {[%clk 0:01:43]} 37. R1xc4 {[%clk 0:06:56]} Nb6
{[%clk 0:01:27]} 38. Rc3 {[%clk 0:06:18]} Qd4 {[%clk 0:01:17]} 39. b5
{[%clk 0:04:58]} Bd5 {[%clk 0:01:45]} 40. Kh2 {[%clk 0:34:55]} Qe4
{[%clk 0:30:58]} 41. Qg5 {[%clk 0:34:46]} Re6 {[%clk 0:23:03]} 42. f5
{[%clk 0:33:33]} Re8 {[%clk 0:20:09]} 43. Rc1 {[%clk 0:31:05]} Qe5+
{[%clk 0:17:13]} 44. Bg3 {[%clk 0:29:13]} Qe4 {[%clk 0:17:39]} 45. Be1
{[%clk 0:27:02]} Qe5+ {[%clk 0:18:02]} 46. Kg1 {[%clk 0:27:19]} Qd6
{[%clk 0:07:31]} 47. f6 {[%clk 0:25:26]} g6 {[%clk 0:07:27]} 48. Rc6
{[%clk 0:23:23]} Bxc6 {[%clk 0:06:49]} 49. Rxc6 {[%clk 0:23:49]} 1-0

[Event "Russian Team Championships 2014 (women)"]
[Site "Sochi (Loo)"]
[Date "2014.04.07"]
[Round "1.4"]
[White "Shadrina, Tatiana"]
[Black "Belenkaya, Dina"]
[Result "1/2-1/2"]
[LiveChessVersion "1.4.2"]
[BlackElo "2254"]
[WhiteElo "2355"]
[BlackTeam "Club Chigorin"]
[WhiteTeam "Ugra"]

1. e4 {[%clk 1:30:58]} c6 {[%clk 1:30:45]} 2. d4 {[%clk 1:31:11]} d5
{[%clk 1:30:58]} 3. Nc3 {[%clk 1:31:36]} dxe4 {[%clk 1:31:12]} 4. Nxe4
{[%clk 1:32:01]} Bf5 {[%clk 1:30:38]} 5. Ng3 {[%clk 1:32:24]} Bg6
{[%clk 1:30:55]} 6. h4 {[%clk 1:32:48]} h6 {[%clk 1:30:59]} 7. Nf3
{[%clk 1:33:13]} Nd7 {[%clk 1:31:00]} 8. h5 {[%clk 1:33:32]} Bh7 {[%clk 1:31:20]}
9. Bd3 {[%clk 1:33:58]} Bxd3 {[%clk 1:31:27]} 10. Qxd3 {[%clk 1:34:22]} e6
{[%clk 1:31:32]} 11. Bd2 {[%clk 1:34:37]} Ngf6 {[%clk 1:31:07]} 12. O-O-O
{[%clk 1:34:41]} Be7 {[%clk 1:30:55]} 13. Kb1 {[%clk 1:34:59]} O-O
{[%clk 1:29:44]} 14. Ne4 {[%clk 1:35:17]} Nxe4 {[%clk 1:29:22]} 15. Qxe4
{[%clk 1:35:41]} Nf6 {[%clk 1:29:21]} 16. Qe2 {[%clk 1:36:05]} Qd5
{[%clk 1:29:11]} 17. Ne5 {[%clk 1:35:36]} Rfd8 {[%clk 1:13:57]} 18. Rhe1
{[%clk 1:15:15]} b5 {[%clk 1:05:42]} 19. g4 {[%clk 1:12:47]} Nh7 {[%clk 1:03:15]}
20. f4 {[%clk 1:09:34]} Rac8 {[%clk 0:53:27]} 21. Rg1 {[%clk 1:02:50]} f6
{[%clk 0:47:38]} 22. Nf3 {[%clk 0:55:05]} Re8 {[%clk 0:37:18]} 23. Rde1
{[%clk 0:52:34]} Bd8 {[%clk 0:34:40]} 24. Qd3 {[%clk 0:50:01]} Be7
{[%clk 0:19:50]} 25. g5 {[%clk 0:45:00]} hxg5 {[%clk 0:18:37]} 26. fxg5
{[%clk 0:44:41]} Qf5 {[%clk 0:17:54]} 27. Qb3 {[%clk 0:36:41]} Nxg5
{[%clk 0:10:04]} 28. Bxg5 {[%clk 0:36:15]} fxg5 {[%clk 0:10:25]} 29. Rxe6
{[%clk 0:33:57]} Kh7 {[%clk 0:07:20]} 30. Rge1 {[%clk 0:23:54]} Rf8
{[%clk 0:06:43]} 31. Rxe7 {[%clk 0:16:57]} Qxf3 {[%clk 0:07:06]} 32. Qe6
{[%clk 0:17:17]} Qf5 {[%clk 0:05:40]} 33. Qe3 {[%clk 0:16:47]} Rf6
{[%clk 0:05:14]} 34. Re5 {[%clk 0:14:04]} Qf4 {[%clk 0:05:38]} 35. Qd3+
{[%clk 0:14:12]} Kh8 {[%clk 0:05:28]} 36. a3 {[%clk 0:07:29]} Rcf8
{[%clk 0:05:39]} 37. d5 {[%clk 0:05:30]} cxd5 {[%clk 0:03:57]} 38. Qxd5
{[%clk 0:05:54]} g4 {[%clk 0:03:40]} 39. Qxb5 {[%clk 0:04:15]} g3
{[%clk 0:03:51]} 40. Rg5 {[%clk 0:34:13]} Rf5 {[%clk 0:31:18]} 41. Rxf5
{[%clk 0:33:57]} Qxf5 {[%clk 0:10:22]} 42. Qxf5 {[%clk 0:28:37]} Rxf5
{[%clk 0:10:51]} 43. Rg1 {[%clk 0:28:59]} Rf3 {[%clk 0:10:36]} 44. a4
{[%clk 0:12:22]} Kh7 {[%clk 0:09:25]} 45. b4 {[%clk 0:12:40]} Kh6
{[%clk 0:09:33]} 46. b5 {[%clk 0:12:25]} Kxh5 {[%clk 0:09:25]} 47. Kb2
{[%clk 0:12:36]} Kg4 {[%clk 0:09:25]} 48. c4 {[%clk 0:12:21]} Kf4
{[%clk 0:06:28]} 49. c5 {[%clk 0:10:22]} Ke5 {[%clk 0:06:35]} 50. b6
{[%clk 0:06:48]} axb6 {[%clk 0:06:43]} 51. cxb6 {[%clk 0:07:12]} Kd6
{[%clk 0:06:39]} 52. Rc1 {[%clk 0:06:49]} Rf7 {[%clk 0:04:46]} 53. Kb3
{[%clk 0:04:21]} g2 {[%clk 0:04:23]} 54. Kb4 {[%clk 0:04:00]} Kd5
{[%clk 0:01:44]} 55. Rg1 {[%clk 0:03:10]} Kc6 {[%clk 0:01:40]} 56. a5
{[%clk 0:02:01]} Rf4+ {[%clk 0:01:41]} 57. Kb3 {[%clk 0:01:50]} Rg4
{[%clk 0:01:27]} 58. Kc3 {[%clk 0:01:40]} Kb7 {[%clk 0:01:16]} 59. Kd3
{[%clk 0:01:54]} Rg5 {[%clk 0:01:23]} 60. Ke3 {[%clk 0:02:01]} Rxa5
{[%clk 0:01:18]} 61. Ke4 1/2-1/2

[Event "Russian Team Championships 2014 (women)"]
[Site "Sochi (Loo)"]
[Date "2014.04.07"]
[Round "1.5"]
[White "Galliamova, Alisa"]
[Black "Gunina, Valentina"]
[Result "1-0"]
[LiveChessVersion "1.4.2"]
[BlackElo "2508"]
[WhiteElo "2458"]
[BlackTeam "SHSM-Nashe nasledie"]
[WhiteTeam "Ladja"]

1. d4 {[%clk 1:30:56]} d5 {[%clk 1:30:35]} 2. c4 {[%clk 1:31:18]} c6
{[%clk 1:30:54]} 3. Nf3 {[%clk 1:30:57]} Nf6 {[%clk 1:30:35]} 4. Nbd2
{[%clk 1:30:57]} Bf5 {[%clk 1:29:58]} 5. Nh4 {[%clk 1:30:43]} Bc8
{[%clk 1:29:06]} 6. e3 {[%clk 1:22:39]} g6 {[%clk 1:24:01]} 7. b3
{[%clk 1:20:12]} Bg7 {[%clk 1:22:07]} 8. Bb2 {[%clk 1:20:31]} Ne4
{[%clk 1:19:24]} 9. cxd5 {[%clk 1:06:43]} cxd5 {[%clk 1:13:26]} 10. Bb5+
{[%clk 1:05:52]} Nc6 {[%clk 1:13:06]} 11. Bxc6+ {[%clk 0:51:23]} bxc6
{[%clk 1:12:04]} 12. O-O {[%clk 0:50:52]} O-O {[%clk 1:10:09]} 13. Nhf3
{[%clk 0:37:59]} Ba6 {[%clk 1:07:36]} 14. Re1 {[%clk 0:38:19]} c5
{[%clk 1:06:33]} 15. Nxe4 {[%clk 0:27:51]} dxe4 {[%clk 1:06:47]} 16. Ne5
{[%clk 0:26:18]} Rc8 {[%clk 1:05:03]} 17. dxc5 {[%clk 0:24:33]} Qc7
{[%clk 1:00:55]} 18. Qd5 {[%clk 0:16:50]} Rcd8 {[%clk 0:15:50]} 19. Qxe4
{[%clk 0:16:17]} Qxc5 {[%clk 0:16:10]} 20. Bd4 {[%clk 0:15:51]} Qb5
{[%clk 0:10:41]} 21. Qc6 {[%clk 0:07:19]} Qa5 {[%clk 0:02:03]} 22. Nc4
{[%clk 0:01:32]} Bxc4 {[%clk 0:02:05]} 23. Qxc4 {[%clk 0:01:47]} Rc8
{[%clk 0:01:45]} 24. Qe2 {[%clk 0:01:56]} Bxd4 {[%clk 0:00:45]} 25. exd4
{[%clk 0:02:22]} Rfd8 {[%clk 0:00:54]} 26. Qxe7 {[%clk 0:01:44]} Rxd4
{[%clk 0:01:08]} 27. Rac1 {[%clk 0:00:58]} Rxc1 {[%clk 0:01:20]} 28. Rxc1
{[%clk 0:01:17]} Kg7 {[%clk 0:01:37]} 29. h3 {[%clk 0:01:05]} Qd5
{[%clk 0:00:40]} 30. Qxa7 {[%clk 0:00:54]} Rd2 {[%clk 0:00:39]} 31. Qa4
{[%clk 0:00:36]} Rxf2 {[%clk 0:00:34]} 32. Kxf2 {[%clk 0:00:56]} Qd2+
{[%clk 0:01:01]} 33. Kg3 {[%clk 0:00:54]} Qe3+ {[%clk 0:01:06]} 34. Kh2
{[%clk 0:01:13]} Qxc1 {[%clk 0:01:32]} 35. Qd4+ {[%clk 0:01:38]} Kh6
{[%clk 0:01:41]} 36. Qh4+ {[%clk 0:02:01]} Kg7 {[%clk 0:02:07]} 37. Qd4+
{[%clk 0:02:16]} Kh6 {[%clk 0:02:36]} 38. Qe5 {[%clk 0:00:49]} f5
{[%clk 0:01:57]} 39. Qg3 {[%clk 0:00:43]} f4 {[%clk 0:01:31]} 40. Qf3
{[%clk 0:31:00]} Kg5 {[%clk 0:31:05]} 41. Qd5+ {[%clk 0:20:18]} Kh6
{[%clk 0:29:17]} 42. a4 {[%clk 0:15:38]} Qc3 {[%clk 0:26:18]} 43. Qf3
{[%clk 0:15:47]} Qd2 {[%clk 0:26:38]} 44. Qe4 {[%clk 0:15:02]} Qd6
{[%clk 0:25:57]} 45. Qf3 {[%clk 0:14:53]} Qd2 {[%clk 0:26:01]} 46. Qg4
{[%clk 0:13:56]} Kg7 {[%clk 0:23:10]} 47. Qf3 {[%clk 0:07:55]} Kh6
{[%clk 0:23:00]} 48. Qe4 {[%clk 0:08:04]} Qd6 {[%clk 0:22:52]} 49. Qe1
{[%clk 0:07:57]} Qb8 {[%clk 0:18:17]} 50. a5 {[%clk 0:03:22]} Qxb3
{[%clk 0:13:10]} 51. Qh4+ {[%clk 0:03:16]} Kg7 {[%clk 0:13:39]} 52. Qxf4
{[%clk 0:02:15]} Qb5 {[%clk 0:13:45]} 53. Qd4+ {[%clk 0:02:09]} Kh6
{[%clk 0:13:05]} 54. Qa1 {[%clk 0:02:06]} Qa6 {[%clk 0:12:47]} 55. Qc1+
{[%clk 0:02:24]} Kg7 {[%clk 0:11:36]} 56. Qc7+ {[%clk 0:02:42]} Kh6
{[%clk 0:11:31]} 57. Qb6 {[%clk 0:03:03]} Qe2 {[%clk 0:10:19]} 58. Qd6
{[%clk 0:02:29]} Qa2 {[%clk 0:07:46]} 59. a6 {[%clk 0:02:37]} Qa4
{[%clk 0:06:52]} 60. Qf8+ {[%clk 0:02:06]} Kg5 {[%clk 0:06:11]} 61. Qe7+
{[%clk 0:01:42]} Kf5 {[%clk 0:05:30]} 62. Qf7+ {[%clk 0:01:25]} Kg5
{[%clk 0:03:03]} 63. a7 {[%clk 0:01:46]} Qa5 {[%clk 0:00:44]} 64. Qe7+
{[%clk 0:02:05]} Kh5 {[%clk 0:00:50]} 65. g4+ {[%clk 0:01:26]} Kh6
{[%clk 0:01:20]} 66. Qf8+ {[%clk 0:01:49]} Kg5 {[%clk 0:01:47]} 67. a8=Q
{[%clk 0:01:57]} Qe5+ {[%clk 0:01:53]} 68. Kg2 {[%clk 0:02:00]} 1-0

[Event "Russian Team Championships 2014 (women)"]
[Site "Sochi (Loo)"]
[Date "2014.04.07"]
[Round "1.6"]
[White "Kashlinskaya, Alina"]
[Black "Atalik, Ekaterina"]
[Result "1/2-1/2"]
[LiveChessVersion "1.4.2"]
[BlackElo "2442"]
[WhiteElo "2423"]
[BlackTeam "Ladja"]
[WhiteTeam "SHSM-Nashe nasledie"]

1. d4 {[%clk 1:30:56]} Nf6 {[%clk 1:30:53]} 2. c4 {[%clk 1:31:16]} g6
{[%clk 1:31:07]} 3. Nf3 {[%clk 1:31:39]} Bg7 {[%clk 1:31:17]} 4. g3
{[%clk 1:32:03]} d5 {[%clk 1:31:27]} 5. cxd5 {[%clk 1:32:27]} Nxd5
{[%clk 1:31:53]} 6. Bg2 {[%clk 1:32:46]} Nb6 {[%clk 1:32:05]} 7. O-O
{[%clk 1:32:31]} Nc6 {[%clk 1:32:24]} 8. e3 {[%clk 1:31:05]} O-O {[%clk 1:32:32]}
9. Nc3 {[%clk 1:31:28]} Re8 {[%clk 1:32:29]} 10. Re1 {[%clk 1:31:49]} e5
{[%clk 1:26:53]} 11. d5 {[%clk 1:31:11]} Na5 {[%clk 1:26:00]} 12. e4
{[%clk 1:28:03]} Nac4 {[%clk 1:23:42]} 13. b3 {[%clk 1:22:07]} Nd6
{[%clk 1:23:53]} 14. Bg5 {[%clk 1:22:22]} f6 {[%clk 1:23:35]} 15. Be3
{[%clk 1:22:25]} Bg4 {[%clk 1:20:12]} 16. h3 {[%clk 1:19:01]} Bxf3
{[%clk 1:18:18]} 17. Qxf3 {[%clk 1:16:23]} f5 {[%clk 1:12:15]} 18. Rac1
{[%clk 1:13:59]} Nd7 {[%clk 1:06:26]} 19. Qe2 {[%clk 1:07:03]} a6
{[%clk 1:02:22]} 20. Qd2 {[%clk 1:05:23]} Rc8 {[%clk 0:46:53]} 21. a4
{[%clk 0:50:26]} Nf6 {[%clk 0:41:50]} 22. exf5 {[%clk 0:43:37]} gxf5
{[%clk 0:42:03]} 23. a5 {[%clk 0:42:22]} Qd7 {[%clk 0:35:23]} 24. Na4
{[%clk 0:36:03]} Nde4 {[%clk 0:30:59]} 25. Qb4 {[%clk 0:28:53]} Nxd5
{[%clk 0:19:44]} 26. Qxb7 {[%clk 0:28:49]} Nxe3 {[%clk 0:17:40]} 27. fxe3
{[%clk 0:14:46]} Nd6 {[%clk 0:11:30]} 28. Nb6 {[%clk 0:08:39]} Nxb7
{[%clk 0:07:52]} 29. Nxd7 {[%clk 0:09:04]} e4 {[%clk 0:08:03]} 30. b4
{[%clk 0:08:14]} c5 {[%clk 0:04:37]} 31. Nxc5 {[%clk 0:06:57]} Nxc5
{[%clk 0:05:02]} 32. bxc5 {[%clk 0:07:15]} Re5 {[%clk 0:05:10]} 33. c6
{[%clk 0:05:54]} Bf8 {[%clk 0:04:20]} 34. Bf1 {[%clk 0:04:36]} Rxa5
{[%clk 0:03:37]} 35. Bc4+ {[%clk 0:03:59]} Kg7 {[%clk 0:03:52]} 36. Be6
{[%clk 0:04:08]} Rc7 {[%clk 0:04:09]} 37. Red1 {[%clk 0:02:06]} Rc5
{[%clk 0:02:21]} 38. Bd7 {[%clk 0:01:37]} a5 {[%clk 0:01:21]} 39. Rxc5
{[%clk 0:00:41]} Bxc5 {[%clk 0:01:47]} 40. Kf2 {[%clk 0:30:52]} a4
{[%clk 0:30:40]} 41. Rd5 {[%clk 0:29:50]} Be7 {[%clk 0:25:46]} 42. Rxf5
{[%clk 0:17:56]} Ra7 {[%clk 0:22:16]} 43. Be6 {[%clk 0:16:16]} a3
{[%clk 0:11:34]} 44. Rf7+ {[%clk 0:09:25]} Kg6 {[%clk 0:10:47]} 45. Kf1
{[%clk 0:09:41]} Rc7 {[%clk 0:09:11]} 46. Bd5 {[%clk 0:09:01]} Bd6
{[%clk 0:07:05]} 47. Rf2 {[%clk 0:08:35]} Re7 {[%clk 0:06:52]} 48. Kg2
{[%clk 0:06:51]} Bc7 {[%clk 0:04:02]} 49. h4 {[%clk 0:05:48]} h6 {[%clk 0:03:34]}
50. Kh3 {[%clk 0:05:27]} Bb6 {[%clk 0:02:56]} 51. Rc2 {[%clk 0:04:45]} Kf6
{[%clk 0:03:00]} 52. g4 {[%clk 0:01:22]} Ke5 {[%clk 0:03:02]} 53. Ba2
{[%clk 0:01:36]} Kd6 {[%clk 0:02:35]} 54. g5 {[%clk 0:02:01]} hxg5
{[%clk 0:02:24]} 55. hxg5 {[%clk 0:02:30]} Bxe3 {[%clk 0:02:26]} 56. g6
{[%clk 0:02:54]} Bh6 {[%clk 0:01:36]} 57. c7 {[%clk 0:01:13]} Rxc7
{[%clk 0:01:52]} 58. Rxc7 {[%clk 0:01:40]} Kxc7 {[%clk 0:02:17]} 59. Kg4
{[%clk 0:02:00]} Kd6 {[%clk 0:02:01]} 60. g7 {[%clk 0:02:23]} Kd5 1/2-1/2